[Event "Deltalift Open"]
[Site "Tylosand"]
[Date "2016.05.05"]
[Round "1.1"]
[White "Tikkanen, Hans"]
[Black "Sandstrom, Anders"]
[Result "1-0"]
[WhiteElo "2525"]
[BlackElo "1907"]

1.e4 c5 2.Nf3 d6 3.Bb5+ Nc6 4.O-O Bg4 5.h3 Bh5 6.c3 Nf6 7.Re1 a6 8.Bf1 e6 
9.d4 Be7 10.g4 Bg6 11.d5 exd5 12.exd5 Ne5 13.Nxe5 dxe5 14.Rxe5 O-O 15.Bg2 
Bd6 16.Re1 Re8 17.Bg5 Rxe1+ 18.Qxe1 h6 19.Bh4 Qb6 20.Nd2 Re8 21.Qf1 Bf4 
22.Nc4 Qc7 23.Bxf6 gxf6 24.Re1 Rxe1 25.Qxe1 b5 26.Qe8+ Kg7 27.Ne3 Bh2+ 28.
Kh1 Be5 29.Qc6 Qd6 30.Qxd6 Bxd6 31.Kg1 Kf8 32.Kf1 Ke8 33.Ke2 Kd7 34.Nf1 h5
35.gxh5 Bxh5+ 36.Bf3 Bg6 37.Nd2 Bf4 38.h4 Kd6 39.b3 Bh7 40.c4 b4 41.Bh5 
Ke7 42.Bf3 Bxd2 43.Kxd2 Bb1 44.Bd1 Bg6 45.h5 Bf5 46.Bc2 1-0

[Event "Deltalift Open"]
[Site "Tylosand"]
[Date "2016.05.05"]
[Round "1.2"]
[White "Lyngsjo, Gert"]
[Black "Hector, Jonny"]
[Result "0-1"]
[WhiteElo "1907"]
[BlackElo "2512"]

1.c4 e5 2.g3 c6 3.e4 Nf6 4.Bg2 Bc5 5.h3 d5 6.cxd5 cxd5 7.Qc2 Na6 8.d3 Nb4 
9.Qc3 dxe4 10.Qxe5+ Be6 11.Bxe4 Nxe4 12.Qxe4 Nxd3+ 13.Kf1 Nxf2 14.Qa4+ Kf8
15.Qc2 Rc8 16.Rh2 Nd3 17.Ne2 Qd5 18.Nd2 Bb6 19.Nc3 Qf5+ 20.Ke2 Qe5+ 21.
Nde4 Qxe4+ 22.Nxe4 Rxc2+ 23.Bd2 Nxb2 24.Kf3 Nd3 25.Rd1 h6 26.Re2 f5 27.Nc3
Bd7 28.g4 Bc6+ 29.Kg3 0-1

[Event "Deltalift Open"]
[Site "Tylosand"]
[Date "2016.05.05"]
[Round "1.3"]
[White "Brynell, Stellan"]
[Black "Ng, Klemens"]
[Result "1-0"]
[WhiteElo "2445"]
[BlackElo "1903"]

1.e4 c5 2.Nf3 Nc6 3.c3 d5 4.exd5 Qxd5 5.d4 Bg4 6.Be2 e6 7.h3 Bh5 8.c4 Qd7 
9.d5 Bxf3 10.Bxf3 Ne5 11.O-O Rd8 12.Nc3 Bd6 13.dxe6 fxe6 14.Bg5 Ne7 15.Ne4
Qc7 16.Qa4+ N5c6 17.Nxd6+ Qxd6 18.Rad1 Qc7 19.Rxd8+ Kxd8 20.Bxc6 bxc6 21.
Rd1+ Ke8 22.Qa3 Kf7 23.Qxc5 h6 24.Bxe7 Qxe7 25.Qxc6 Rb8 26.Rd7 1-0

[Event "Deltalift Open"]
[Site "Tylosand"]
[Date "2016.05.05"]
[Round "1.4"]
[White "Tillman, Jan-Olof"]
[Black "Karlsson, Lars"]
[Result "0-1"]
[WhiteElo "1900"]
[BlackElo "2441"]

1.Nf3 g6 2.e4 Bg7 3.d4 d6 4.c4 Bg4 5.Be2 Nc6 6.Be3 e5 7.d5 Bxf3 8.Bxf3 Nd4
9.Nc3 Ne7 10.O-O O-O 11.Bxd4 exd4 12.Ne2 c5 13.dxc6 Nxc6 14.Rb1 a5 15.Nf4 
a4 16.b4 axb3 17.axb3 Nb4 18.Nd5 Na2 19.Qd3 Nc3 20.Ra1 Nxd5 21.exd5 Qb6 
22.h4 Qb4 23.Rab1 Rfe8 24.h5 Qc3 25.Rfd1 Re1+ 0-1

[Event "Deltalift Open"]
[Site "Tylosand"]
[Date "2016.05.05"]
[Round "1.5"]
[White "Jepson, Christian"]
[Black "Issa, Omar"]
[Result "1-0"]
[WhiteElo "2440"]
[BlackElo "1896"]

1.d4 d5 2.Nf3 e6 3.c4 c6 4.g3 Nf6 5.Bg2 Nbd7 6.Qc2 Bd6 7.O-O O-O 8.Rd1 h6 
9.b3 Ne4 10.Bb2 f5 11.e3 a5 12.Ne5 Qf6 13.f3 Ng5 14.Nc3 Nf7 15.f4 g5 16.a3
g4 17.Na4 Qd8 18.c5 Bc7 19.b4 Ndxe5 20.dxe5 Bd7 21.Bd4 h5 22.Qb2 Qe7 23.
Nb6 Bxb6 24.cxb6 Qd8 25.a4 h4 26.Bc5 Re8 27.bxa5 Rxa5 28.Qb4 Qa8 29.Rd2 h3
30.Bf1 Rd8 31.Rda2 Re8 32.Qc3 Rc8 33.Bb4 Ra6 34.Qc5 Rd8 35.a5 Re8 36.Kf2 
Kg7 37.Be2 Kg8 38.Ke1 Kg7 39.Kd2 Kg8 40.Ke1 Kg7 41.Kf2 Kg8 42.Qc1 Kg7 43.
Bc5 Kg8 44.Qf1 Bc8 45.Bxa6 Qxa6 46.Qxa6 bxa6 47.b7 Bxb7 48.Rb2 Nd8 49.Rab1
1-0

[Event "Deltalift Open"]
[Site "Tylosand"]
[Date "2016.05.05"]
[Round "1.6"]
[White "Emmoth, Alfons"]
[Black "Johansson, Linus"]
[Result "0-1"]
[WhiteElo "1893"]
[BlackElo "2427"]

1.d4 Nf6 2.c4 e6 3.Nf3 b6 4.g3 Bb7 5.Bg2 Be7 6.O-O O-O 7.Nc3 Ne4 8.Nxe4 
Bxe4 9.Ne1 Bxg2 10.Nxg2 d6 11.e4 Nd7 12.Be3 Qc8 13.d5 Bf6 14.Bd4 Re8 15.
Ne3 exd5 16.exd5 a5 17.Re1 Ne5 18.Kg2 a4 19.f4 Nxc4 20.Ng4 Bxd4 21.Qxd4 b5
22.Nf2 Qf5 23.b3 Nb6 24.Red1 axb3 25.g4 Qf6 26.Qxf6 gxf6 27.axb3 Rxa1 28.
Rxa1 Nxd5 29.Ra5 c6 30.Ra6 Nb4 0-1

[Event "Deltalift Open"]
[Site "Tylosand"]
[Date "2016.05.05"]
[Round "1.7"]
[White "Holm, Kristian Stuvik"]
[Black "Johansson, Eva"]
[Result "1-0"]
[WhiteElo "2418"]
[BlackElo "1891"]

1.d4 d5 2.c4 e6 3.Nc3 Nf6 4.cxd5 exd5 5.Bg5 Be7 6.e3 c6 7.Bd3 Nbd7 8.Qc2 
O-O 9.Nf3 g6 10.h4 Ne8 11.Bh6 Ng7 12.h5 f5 13.hxg6 hxg6 14.O-O-O Nf6 15.
Ne5 Qe8 16.g4 Bd6 17.gxf5 Bxe5 18.dxe5 Qxe5 19.Rdg1 Ne4 20.Nxe4 dxe4 21.
Bc4+ 1-0

[Event "Deltalift Open"]
[Site "Tylosand"]
[Date "2016.05.05"]
[Round "1.8"]
[White "Hagglund, Lars"]
[Black "Lindgren, Philip"]
[Result "0-1"]
[WhiteElo "1890"]
[BlackElo "2406"]

1.d4 d5 2.Bf4 Nf6 3.e3 c5 4.c3 Nc6 5.Qb3 e6 6.Nd2 Nh5 7.Bg3 Be7 8.Ngf3 O-O
9.O-O-O Bd7 10.Be2 h6 11.Kb1 Nxg3 12.hxg3 b5 13.e4 c4 14.Qc2 b4 15.exd5 
exd5 16.Nxc4 dxc4 17.Bxc4 Qc8 18.Bd3 bxc3 19.bxc3 Rb8+ 20.Ka1 Bg4 21.Bh7+ 
Kh8 22.Be4 Bxf3 23.gxf3 Ba3 24.Rb1 f5 25.Bd3 Qd7 26.Rb3 Nxd4 27.cxd4 Qxd4+
28.Kb1 Rfc8 29.Qd2 Rxb3+ 30.axb3 Rc3 31.Rxh6+ Kg8 32.Rd6 Rxb3+ 33.Ka2 Bxd6
34.Kxb3 Qb6+ 35.Ka2 g6 36.Bc4+ Kg7 37.Qc3+ Kh7 38.Qb2 Qa5+ 39.Kb1 Be5 40.
Qa2 Qe1+ 41.Kc2 Qxf2+ 42.Kb3 Qxf3+ 43.Kb4 Bd6+ 44.Kb5 Qb7+ 45.Ka5 Qb6+ 0-1

[Event "Deltalift Open"]
[Site "Tylosand"]
[Date "2016.05.05"]
[Round "1.9"]
[White "Kockum, Anton Frisk"]
[Black "Sundqvist, Jan-Ove"]
[Result "1-0"]
[WhiteElo "2382"]
[BlackElo "1888"]

1.d4 f5 2.Bg5 g6 3.Nd2 Bg7 4.e4 fxe4 5.Nxe4 Nf6 6.Nxf6+ exf6 7.Be3 d5 8.h4
Be6 9.Ne2 Qd6 10.Qd2 Nd7 11.Nf4 O-O-O 12.Nxe6 Qxe6 13.O-O-O f5 14.Qa5 Kb8 
15.Rh3 Nb6 16.Bg5 Bf6 17.Ra3 Bxg5+ 18.hxg5 Nc8 19.Re3 Qd7 20.Re5 Rhe8 21.
f4 c6 22.c4 Rxe5 23.dxe5 Qc7 24.Qxc7+ Kxc7 25.cxd5 cxd5 26.Bb5 a6 27.Ba4 
Nb6 28.Bb3 Kc6 29.Kd2 Nc4+ 30.Ke2 Nb6 31.Rc1+ Kd7 32.Rh1 Rh8 33.Kd3 Ke7 
34.Kd4 Ke6 35.g3 a5 36.a3 a4 37.Ba2 Nc4 38.Bxc4 dxc4 39.Kxc4 Rc8+ 40.Kb4 
Rc2 41.Rxh7 Rxb2+ 42.Kxa4 Kd5 43.Rc7 b5+ 44.Ka5 Rb3 45.Kb6 Rxa3 46.Rc5+ 
Ke6 47.Rc6+ Ke7 48.Rxg6 b4 49.Kc5 Rxg3 50.Rb6 b3 51.Kd5 Rg4 52.Rb7+ Ke8 
53.Ke6 Kd8 54.Kxf5 1-0

[Event "Deltalift Open"]
[Site "Tylosand"]
[Date "2016.05.05"]
[Round "1.10"]
[White "Eskola, Love Troberg"]
[Black "Aaberg, Anton"]
[Result "0-1"]
[WhiteElo "1881"]
[BlackElo "2365"]

1.e4 c6 2.Nc3 d5 3.Nf3 Bg4 4.h3 Bxf3 5.Qxf3 e6 6.d3 Nf6 7.Bd2 Bb4 8.a3 Be7
9.g4 d4 10.Ne2 Qb6 11.b3 a5 12.e5 Nfd7 13.Qe4 c5 14.Bg2 Nc6 15.f4 a4 16.
Rb1 Bh4+ 17.Kf1 Be7 18.Kf2 O-O 19.bxa4 Qc7 20.a5 c4 21.dxc4 Nc5 22.Qf3 
Rad8 23.Nc1 Bh4+ 24.Kg1 f6 25.exf6 Rxf6 26.Nd3 Na6 27.g5 Bxg5 28.Qe4 Bh6 
29.Rb5 Rdf8 30.Kh2 e5 31.Nxe5 Rxf4 32.Qd5+ Kh8 33.Kg1 R4f5 34.Bxh6 Rxe5 
35.Bxg7+ Qxg7 36.Rxb7 Qg3 37.Rxh7+ Kxh7 38.Qd7+ Kh8 0-1

[Event "Deltalift Open"]
[Site "Tylosand"]
[Date "2016.05.05"]
[Round "1.11"]
[White "Welin, Mats"]
[Black "Lonn, Joakim"]
[Result "1-0"]
[WhiteElo "2338"]
[BlackElo "1879"]

1.e4 c5 2.Nf3 d6 3.d4 cxd4 4.Nxd4 Nf6 5.Nc3 a6 6.Be2 e5 7.Nb3 Be7 8.O-O 
O-O 9.Kh1 b5 10.a4 b4 11.Nd5 a5 12.Be3 Nxe4 13.Bf3 f5 14.Nxe7+ Qxe7 15.
Qd5+ Be6 16.Qxa8 Nd7 17.Qxa5 d5 18.Rad1 d4 19.Bd2 Nxd2 20.Nxd2 e4 21.Be2 
Rf6 22.Nb3 d3 23.cxd3 Bxb3 24.Rc1 Rh6 25.Qxf5 Nf6 26.dxe4 Be6 27.Bc4 Rxh2+
28.Kxh2 Qc7+ 29.g3 Bxc4 30.b3 1-0

[Event "Deltalift Open"]
[Site "Tylosand"]
[Date "2016.05.05"]
[Round "1.12"]
[White "Karlsson, Roger"]
[Black "Malekian, Babak"]
[Result "0-1"]
[WhiteElo "1878"]
[BlackElo "2275"]

1.e4 g6 2.f4 c6 3.d4 d5 4.e5 h5 5.Nf3 Bg4 6.c3 Qb6 7.Be2 e6 8.Qb3 Nh6 9.
Qxb6 axb6 10.Be3 Nf5 11.Bf2 b5 12.O-O b4 13.Rc1 bxc3 14.Nxc3 Nd7 15.a3 Be7
16.Nd2 Bxe2 17.Nxe2 O-O 18.Nb3 Nb6 19.Nc5 Bxc5 20.dxc5 Nc4 21.Nd4 Nxd4 22.
Bxd4 Nd2 23.Rd1 Nb3 24.Rab1 Ra4 25.Be3 d4 26.Rd3 dxe3 27.Rxb3 Rxf4 28.Rxe3
Rd8 29.Rf1 Rc4 30.b4 Rc2 31.Ref3 Rdd2 32.R3f2 Re2 33.a4 Rxf2 34.Rxf2 Rc4 
35.Rb2 Re4 36.b5 Rxe5 37.Rc2 Re4 38.bxc6 bxc6 39.Ra2 Rd4 40.a5 Rd7 41.Rb2 
Ra7 42.Rb6 Rxa5 43.Rxc6 Ra2 44.Rc8+ Kg7 45.c6 Rc2 46.c7 Kf6 47.h4 Kf5 48.
Kf1 Kg4 49.Ke1 Kxh4 50.Kd1 Rc6 51.Ke2 Kg3 0-1

[Event "Deltalift Open"]
[Site "Tylosand"]
[Date "2016.05.05"]
[Round "1.13"]
[White "Haugli, Petter"]
[Black "Berglind, Axel"]
[Result "1/2-1/2"]
[WhiteElo "2254"]
[BlackElo "1873"]

1.c4 Nf6 2.Nc3 e6 3.e4 d5 4.e5 d4 5.exf6 dxc3 6.bxc3 Qxf6 7.d4 c5 8.Nf3 h6
9.Be2 b6 10.O-O Bd6 11.Be3 O-O 12.a4 Rd8 13.a5 Bb7 14.axb6 axb6 15.Rxa8 
Bxa8 16.Qb3 Bxf3 17.Bxf3 e5 18.dxc5 Bxc5 19.Bxc5 bxc5 20.Bd5 Nd7 21.Qb5 
Qd6 22.Rd1 Kf8 23.Bf3 Qe7 24.Bg4 Nf6 25.Rxd8+ Qxd8 26.Qxc5+ Kg8 27.Be2 Qd2
28.Qc8+ Kh7 29.Qf5+ Kg8 30.Qc8+ Kh7 31.Qf5+ Kg8 32.Qc8+ 1/2-1/2

[Event "Deltalift Open"]
[Site "Tylosand"]
[Date "2016.05.05"]
[Round "1.14"]
[White "Salholm, Soren"]
[Black "Nilsson, Anders"]
[Result "0-1"]
[WhiteElo "1868"]
[BlackElo "2224"]

1.e4 e6 2.d4 d5 3.Nd2 Nc6 4.Ngf3 Nf6 5.e5 Nd7 6.c3 f6 7.Bd3 fxe5 8.Nxe5 
Ndxe5 9.dxe5 Nxe5 10.Qh5+ Nf7 11.Nf3 g6 12.Bxg6 hxg6 13.Qxg6 Qd6 14.Ng5 
Qe5+ 15.Kd1 Qg7 16.Qxg7 Bxg7 17.Nxf7 Kxf7 18.f4 Bd7 19.h3 d4 20.Kc2 Bc6 
21.Rg1 Rad8 22.Bd2 Be4+ 23.Kb3 Rd6 24.Rae1 Rb6+ 25.Ka3 Bf8+ 26.b4 Bd5 27.
c4 Bxc4 28.Rc1 Ra6+ 29.Kb2 Rxa2+ 30.Kb1 Rxd2 31.Rxc4 Bd6 32.f5 exf5 33.Rf1
f4 34.g3 Rxh3 35.gxf4 Rhh2 0-1

[Event "Deltalift Open"]
[Site "Tylosand"]
[Date "2016.05.05"]
[Round "1.15"]
[White "Lindhe, Magnus"]
[Black "Wallenas, Daniel"]
[Result "1/2-1/2"]
[WhiteElo "2215"]
[BlackElo "1860"]

1.d4 d5 2.Bf4 Nf6 3.e3 b6 4.c3 Bb7 5.Nd2 e6 6.Bd3 Bd6 7.Ngf3 Ne4 8.Qc2 
Nxd2 9.Nxd2 Bxf4 10.exf4 c5 11.Nf3 Nd7 12.O-O c4 13.Be2 Qf6 14.Qd2 Nf8 15.
g3 Ng6 16.Rfe1 h5 17.h4 Ne7 18.Bf1 Nf5 19.Bh3 g6 20.Ng5 O-O-O 21.a4 Kb8 
22.a5 b5 23.a6 Bc6 24.Kh2 Ka8 25.Re5 Rb8 26.Bg2 Rb6 27.Qe2 Bd7 28.Qf3 Rc8 
29.Qd1 Rc7 30.Ra5 Rcc6 31.Qa1 Rd6 32.Qa3 Nh6 33.Qc5 Ng4+ 34.Kg1 Rdc6 35.
Qf8+ Rc8 36.Qxf7 Qxf7 37.Nxf7 Nxe5 38.Nxe5 Be8 39.Bh3 Rd8 40.Ra1 Rdd6 41.
Re1 b4 42.Nf3 Rxa6 43.Ng5 Bd7 44.Nf7 Rdb6 45.Bg2 Kb8 46.Nh8 Ra2 47.Nxg6 
Rxb2 48.cxb4 R2xb4 49.Nf8 Kc7 50.Kh2 Rb1 51.Re5 c3 52.f5 exf5 53.Rxd5 Bc6 
54.Rc5 R1b3 55.d5 Kd6 56.dxc6 Kxc5 57.c7 Rb8 58.Nd7+ Kd6 59.cxb8=Q+ Rxb8 
60.Nxb8 c2 61.Nc6 c1=Q 62.Nxa7 Qe1 63.f4 Qe2 64.Nc6 Kc5 65.Ne5 Kb4 66.Nf3 
Ka3 67.Ne5 1/2-1/2

[Event "Deltalift Open"]
[Site "Tylosand"]
[Date "2016.05.05"]
[Round "1.16"]
[White "Alsaied Ali, Firas"]
[Black "Arnelind, Mikael"]
[Result "0-1"]
[WhiteElo "1857"]
[BlackElo "2194"]

1.Nf3 Nf6 2.b3 d6 3.d4 g6 4.Bb2 Bg7 5.g3 O-O 6.Bg2 c6 7.Nbd2 d5 8.O-O a5 
9.c4 Bg4 10.Ne5 Be6 11.c5 Ne8 12.Nd3 Qc8 13.Nf4 Bf5 14.Nf3 Na6 15.a3 Nxc5 
16.Rc1 Na6 17.Nxd5 Qd8 18.Ne3 Be4 19.Bh3 Bxf3 20.exf3 e6 21.Nc4 Nd6 22.Ne5
Nc7 23.Qe2 a4 24.b4 Nd5 25.Rfd1 Qe7 26.f4 Rfe8 27.Nd3 Nb5 28.Nc5 Kh8 29.
Bg2 Red8 30.h4 h5 31.Bf3 Kg8 32.Ne4 Nf6 33.Ng5 Nc7 34.Re1 Qd7 35.Rcd1 Ncd5
36.Bg2 Re8 37.Nf3 Qc7 38.Ne5 Nb6 39.Rc1 Nfd5 40.b5 Nd7 41.Nf3 Qb6 42.bxc6 
bxc6 43.Ne5 Nxe5 44.fxe5 Rab8 45.Bc3 Bf8 46.Bxd5 cxd5 47.g4 Qb5 48.Qf3 
hxg4 49.Qxg4 Qd3 50.Re3 Qf5 51.Qxf5 gxf5 52.Rg3+ Kh7 53.Bd2 Rec8 54.Rxc8 
Rxc8 55.Bg5 Rc4 56.Rd3 Rc2 57.Bf6 Ra2 58.Rc3 Rxa3 59.Rc8 Bg7 60.Rc7 Bxf6 
61.exf6 Kg6 62.h5+ Kxf6 63.h6 Rh3 64.Ra7 a3 65.Kg2 Rxh6 66.Rxa3 Rh4 67.Rd3
Rh8 68.f4 Rc8 69.Kf3 Rh8 70.Kg3 Rh1 71.Kg2 Re1 72.Kf2 Re4 73.Kf3 Ke7 74.
Rd1 Kd6 75.Rd2 Kc6 76.Rc2+ Kb6 77.Rd2 Kb5 78.Rb2+ Kc4 79.Rb7 Kxd4 80.Rxf7 
Kc5 81.Rc7+ Kd6 82.Rc1 Rc4 83.Ra1 Rc3+ 84.Kf2 d4 85.Ra5 Rc5 86.Ra8 Kd5 87.
Ra6 Rc6 88.Ra5+ Ke4 89.Ra4 Rc2+ 90.Kg3 Rc3+ 91.Kf2 Kxf4 92.Rxd4+ Ke5 93.
Rd8 Ke4 94.Ra8 Rd3 95.Ra6 e5 96.Ra4+ Rd4 97.Ra3 f4 98.Rb3 Rd2+ 99.Ke1 Ra2 
100.Rb4+ Kf5 101.Rb8 f3 102.Rf8+ Ke4 103.Rf7 Ke3 0-1

[Event "Deltalift Open"]
[Site "Tylosand"]
[Date "2016.05.05"]
[Round "1.17"]
[White "Ivarsson, Torbjorn"]
[Black "Wiklund, Johan"]
[Result "1-0"]
[WhiteElo "2185"]
[BlackElo "1853"]

1.e4 e6 2.Nf3 d5 3.e5 c5 4.b4 cxb4 5.a3 Qa5 6.Bb2 Nc6 7.Be2 Nh6 8.O-O Bd7 
9.d4 Qb6 10.axb4 Bxb4 11.c3 Be7 12.Bc1 Nf5 13.Bd3 g6 14.g4 Nh4 15.Nxh4 
Bxh4 16.g5 Nxd4 17.Qg4 Nb3 18.Be3 Qc7 19.Ra3 Bxf2+ 20.Rxf2 Nc5 21.Qf4 O-O 
22.Bxc5 Qxc5 23.Qd4 Rfc8 24.Qxc5 Rxc5 25.Rb2 Rc7 26.Kf2 Kg7 27.Kg3 h5 28.
Kf4 Kf8 29.Ke3 Ke7 30.Kd4 Be8 31.Nd2 Bd7 32.Rb4 Be8 33.Rb2 Bd7 34.Rba2 b6 
35.Rb2 Be8 36.Rxb6 Rac8 37.Rba6 Ra8 38.Nb3 Bd7 39.Nc5 Bc8 40.R6a4 Kd8 41.
Ra5 Ke7 42.Bb5 Kd8 43.c4 dxc4 44.Bxc4 Ke7 45.Ne4 Bd7 46.Nd6 Bc6 47.Rxa7 
Raxa7 48.Rxa7 Rxa7 49.Nc8+ Kd8 50.Nxa7 Bf3 51.Nb5 Ke7 52.Nd6 Bc6 53.Kc5 
Bf3 54.Bb5 1-0

[Event "Deltalift Open"]
[Site "Tylosand"]
[Date "2016.05.05"]
[Round "1.18"]
[White "Andersson, Jan"]
[Black "Wallin, Dennis"]
[Result "0-1"]
[WhiteElo "1847"]
[BlackElo "2184"]

1.e4 d5 2.exd5 Qxd5 3.Nc3 Qd6 4.d4 c6 5.Bc4 Nf6 6.Nge2 Bg4 7.f3 Bf5 8.Bf4 
Qb4 9.Bb3 e6 10.a3 Qa5 11.O-O Be7 12.Ng3 Bg6 13.Re1 O-O 14.Nce4 Nd5 15.Bd2
Qb6 16.c4 Qxd4+ 17.Kh1 Nf6 18.Qc2 Qb6 19.Be3 c5 20.Ba2 Qc7 21.Qf2 b6 22.
Rac1 Nxe4 23.fxe4 Bf6 24.Bf4 Be5 25.Bxe5 Qxe5 26.b4 Nc6 27.b5 Nd4 28.Bb1 
a6 29.a4 axb5 30.axb5 Ra3 31.Qb2 Rfa8 32.Ne2 Rb3 33.Qd2 Nxe2 34.Qxe2 h5 
35.Red1 Rb2 36.Rc2 Rxc2 37.Qxc2 Ra1 38.Rg1 Kh7 39.h3 Ra3 40.Qe2 Rc3 41.Rd1
Rb3 42.Bd3 Rb2 43.Qf3 Rb3 44.Qe2 h4 45.Qf2 Qg5 46.Qc2 Ra3 47.Qb2 Ra8 48.
Bb1 Rd8 49.Rxd8 Qxd8 50.Qe2 Qg5 51.Bc2 e5 52.Bd3 Qc1+ 53.Kh2 Qf4+ 54.Kh1 
Kh6 55.Bc2 f6 56.Bd3 Bh5 57.Qe1 Qg3 58.Qf1 Kh7 59.Bc2 Bg6 60.Bd3 Qe3 61.
Qb1 Bf7 62.Qd1 Kh6 63.Qf1 Be6 64.Qd1 g5 65.Qf1 Kg6 66.Qd1 Bxh3 67.gxh3 
Qxh3+ 68.Kg1 Qg3+ 69.Kh1 g4 70.Be2 Qh3+ 71.Kg1 Qe3+ 72.Kh1 Qxe4+ 73.Kh2 
Qf4+ 74.Kh1 Kg5 75.Kg2 h3+ 76.Kh1 Qe4+ 77.Kg1 Qg2# 0-1

[Event "Deltalift Open"]
[Site "Tylosand"]
[Date "2016.05.05"]
[Round "1.19"]
[White "Reid, Gregor"]
[Black "Bjorck, Per"]
[Result "1-0"]
[WhiteElo "2170"]
[BlackElo "1842"]

1.e4 d6 2.Nc3 g6 3.f4 Bg7 4.Nf3 a6 5.Bc4 e6 6.d3 Nd7 7.O-O Ne7 8.f5 Ne5 9.
Bb3 Nxf3+ 10.Qxf3 Bd4+ 11.Kh1 O-O 12.Bh6 Bg7 13.Bxg7 Kxg7 14.f6+ Kg8 15.
Qf4 Kh8 16.Qh6 Rg8 17.Rf3 Nf5 18.exf5 gxf5 19.Rh3 1-0

[Event "Deltalift Open"]
[Site "Tylosand"]
[Date "2016.05.05"]
[Round "1.20"]
[White "Olsson, Stefan"]
[Black "Karlsson, Jorgen"]
[Result "0-1"]
[WhiteElo "1838"]
[BlackElo "2170"]

1.e4 g6 2.Nf3 Bg7 3.d4 d6 4.Bc4 Nf6 5.Nc3 O-O 6.h3 a6 7.Be3 b5 8.Bb3 Nc6 
9.e5 Ne8 10.Bd5 Bb7 11.e6 f6 12.Qd2 Qc8 13.O-O-O Nd8 14.Bb3 Nxe6 15.Rde1 
c6 16.h4 d5 17.Ne2 Nd6 18.Ng3 a5 19.c3 f5 20.Bh6 a4 21.Bxg7 Kxg7 22.Bc2 
Ne4 23.Bxe4 fxe4 24.Ne5 c5 25.h5 g5 26.h6+ Kh8 27.Kb1 a3 28.Rh5 Rf6 0-1

[Event "Deltalift Open"]
[Site "Tylosand"]
[Date "2016.05.05"]
[Round "1.21"]
[White "Holst, Conny"]
[Black "Zarytovskaya, Margo"]
[Result "1-0"]
[WhiteElo "2160"]
[BlackElo "1832"]

1.d4 Nf6 2.c4 c5 3.d5 b5 4.a4 b4 5.Nd2 d6 6.e4 g6 7.f4 Qc7 8.Ngf3 Bg7 9.
Bd3 O-O 10.O-O a5 11.Qe1 Nfd7 12.g4 Nb6 13.Qh4 Qd7 14.f5 Na6 15.e5 dxe5 
16.Ng5 h6 17.Nge4 g5 18.Qf2 f6 19.b3 Qc7 20.Nf3 Bd7 21.h4 Nc8 22.Be3 Nd6 
23.Rad1 Rac8 24.hxg5 Nxe4 25.Bxe4 fxg5 26.d6 Qd8 27.dxe7 Qxe7 28.Bd5+ Kh8 
29.Bxg5 hxg5 30.Qh2+ Bh6 31.Qxh6+ Qh7 32.Qxa6 Qh3 33.Kf2 Qxg4 34.Rh1+ 1-0

[Event "Deltalift Open"]
[Site "Tylosand"]
[Date "2016.05.05"]
[Round "1.22"]
[White "Lindstrom, Reine"]
[Black "Lindborg, Patrik"]
[Result "0-1"]
[WhiteElo "1821"]
[BlackElo "2158"]

1.e4 c5 2.Nc3 Nc6 3.g3 g6 4.Bg2 Bg7 5.d3 d6 6.f4 Nf6 7.Nf3 O-O 8.O-O Bd7 
9.h3 Nd4 10.Nxd4 cxd4 11.Ne2 Qb6 12.Kh2 Rac8 13.c3 dxc3 14.Nxc3 Bc6 15.Qb3
Qxb3 16.axb3 a6 17.Be3 Rfd8 18.d4 d5 19.e5 Ne4 20.Bxe4 dxe4 21.f5 Bd5 22.
Nxd5 Rxd5 23.Rac1 Rdd8 24.Rc3 Rxc3 25.bxc3 Rd5 26.g4 Ra5 27.Rf2 Ra1 28.Rb2
Rd1 29.Kg3 Rd3 30.Kf2 Rxc3 31.b4 e6 32.f6 Bf8 33.Ke2 Rc4 34.b5 a5 35.b6 a4
36.Rb5 h5 37.Ra5 Kh7 38.Ra8 Bh6 39.Bxh6 Kxh6 40.Ke3 hxg4 41.hxg4 Rb4 42.
Kxe4 Rxb6 43.Rxa4 Kg5 44.Rc4 Rc6 45.Rb4 b6 46.d5 exd5+ 47.Kxd5 Re6 48.Rc4 
Re8 49.Rc7 Rf8 50.Kd6 Kxg4 51.Ke7 Rh8 52.e6 fxe6 53.f7 e5 54.Rb7 e4 55.
Rxb6 g5 56.Rg6 e3 57.Rg8 Rh7 58.Kf6 Rxf7+ 59.Kxf7 e2 60.Re8 Kf3 61.Kg6 g4 
62.Kh5 g3 63.Kh4 g2 64.Rf8+ Ke3 65.Rd8 0-1

[Event "Deltalift Open"]
[Site "Tylosand"]
[Date "2016.05.05"]
[Round "1.23"]
[White "Nilsson, Patrik 1978"]
[Black "Pistol, Mats-Erik"]
[Result "1-0"]
[WhiteElo "2155"]
[BlackElo "1813"]

1.e4 e5 2.Nf3 Nc6 3.d4 exd4 4.Bc4 Nf6 5.e5 d5 6.Bb5 Ne4 7.Nxd4 Bd7 8.Bxc6 
bxc6 9.O-O Bc5 10.Be3 Bb6 11.f3 Ng5 12.f4 Ne4 13.Nd2 Nxd2 14.Qxd2 c5 15.
Nf3 d4 16.Bf2 O-O 17.a4 a5 18.Qd3 Qc8 19.Rad1 Bf5 20.Qe2 Qe6 21.h3 h6 22.
Kh2 Bh7 23.b3 Rad8 24.Bh4 Rde8 25.g4 f5 26.g5 h5 27.g6 Bxg6 28.Rg1 Bh7 29.
Qg2 Qd7 30.Bf6 g6 31.Qg5 Re6 32.Nh4 Rfxf6 33.exf6 Re2+ 34.Rg2 Rxg2+ 35.
Qxg2 1-0

[Event "Deltalift Open"]
[Site "Tylosand"]
[Date "2016.05.05"]
[Round "1.24"]
[White "Martinsson, Erik"]
[Black "Wahlstrom, Lennarth"]
[Result "0-1"]
[WhiteElo "1811"]
[BlackElo "2153"]

1.d4 d5 2.Nf3 c5 3.e3 Nc6 4.b3 Nf6 5.Bd3 Bg4 6.Bb2 e6 7.O-O Bd6 8.Nbd2 O-O
9.h3 Bh5 10.c4 Qe7 11.Rc1 cxd4 12.exd4 Ba3 13.Bxa3 Qxa3 14.g4 Bg6 15.Bxg6 
hxg6 16.Qc2 Nb4 17.Qb1 Qxa2 18.Qxa2 Nxa2 19.Ra1 Nb4 20.Ne5 Nc2 21.Rad1 
Nxd4 22.cxd5 Nxd5 23.Nd7 Rfd8 24.Nc5 b6 25.Nce4 Rac8 26.Ra1 a5 27.Rfd1 Rc2
28.Kf1 f5 29.Ng5 Nc3 30.Rac1 Nxd1 0-1

[Event "Deltalift Open"]
[Site "Tylosand"]
[Date "2016.05.05"]
[Round "2.1"]
[White "Horbing, Stefan"]
[Black "Tikkanen, Hans"]
[Result "0-1"]
[WhiteElo "2072"]
[BlackElo "2525"]

1.Nf3 d5 2.d4 Nf6 3.c4 c6 4.e3 Bf5 5.Nc3 e6 6.Be2 Nbd7 7.Nh4 Be4 8.f3 Bg6 
9.Qb3 Qc7 10.Bd2 Bd6 11.O-O-O dxc4 12.Bxc4 b5 13.Be2 a5 14.Nxg6 hxg6 15.f4
a4 16.Qc2 Nb6 17.Ne4 Nxe4 18.Qxe4 Nd5 19.Kb1 b4 20.Rc1 Qb7 21.g4 O-O 22.h4
b3 23.a3 Qe7 24.h5 gxh5 25.Bd3 Nf6 26.Qg2 Bxa3 27.g5 Nd5 28.Rxh5 g6 29.
Rh8+ Kxh8 30.Qh3+ Kg8 31.Rh1 f5 32.Qh8+ Kf7 33.Rh7+ Ke8 34.Rxe7+ Bxe7 35.
Qh7 Kd7 36.e4 Rh8 37.Qxg6 Rh1+ 38.Bc1 Nxf4 0-1

[Event "Deltalift Open"]
[Site "Tylosand"]
[Date "2016.05.05"]
[Round "2.3"]
[White "Pettersson, Kjell"]
[Black "Brynell, Stellan"]
[Result "0-1"]
[WhiteElo "2059"]
[BlackElo "2445"]

1.f4 d5 2.Nf3 g6 3.d4 Bg7 4.e3 Nh6 5.c4 c6 6.Nc3 O-O 7.Be2 Nf5 8.O-O dxc4 
9.Bxc4 Nd7 10.Ne5 Nxe5 11.dxe5 b5 12.Bb3 Qb6 13.Qe2 a5 14.a3 Ba6 15.Nd1 h5
16.Kh1 c5 17.Bd5 Rad8 18.e4 Nd4 19.Qf2 e6 20.Ba2 b4 21.Re1 Bd3 22.Ne3 Qb5 
23.Bd2 Bxe4 24.Bc4 Qb6 25.axb4 cxb4 26.Bf1 Nc2 27.Rad1 Nxe1 28.Qxe1 Bd3 
29.Bxb4 Qxb4 30.Qxb4 axb4 31.Bxd3 Rd4 32.g3 Rfd8 33.Bc2 Rxd1+ 34.Nxd1 Rd2 
35.Ba4 Bf8 36.h3 Bc5 37.g4 hxg4 38.hxg4 Bd4 39.Bb3 Kg7 0-1

[Event "Deltalift Open"]
[Site "Tylosand"]
[Date "2016.05.05"]
[Round "2.4"]
[White "Karlsson, Lars"]
[Black "Neretljak, Nedzad"]
[Result "1-0"]
[WhiteElo "2441"]
[BlackElo "2055"]

1.b3 b6 2.Bb2 Bb7 3.e3 c5 4.f4 Nf6 5.Nf3 Nc6 6.Bb5 a6 7.Bxc6 Bxc6 8.O-O h5
9.Qe2 h4 10.d3 Ra7 11.Nbd2 Rh6 12.e4 e6 13.Ne5 Ba8 14.f5 h3 15.g3 d6 16.
Ng4 Nxg4 17.Qxg4 e5 18.Nf3 f6 19.Bc1 Rh8 20.c4 Qd7 21.Be3 g5 22.b4 Bc6 23.
Rab1 b5 24.Rfc1 Rb7 25.a3 Qd8 26.Nd2 Be7 27.Qe2 Rd7 28.Bf2 Kf7 29.Nf1 Kg7 
30.Rc2 Qa8 31.bxc5 bxc4 32.Rxc4 Bb5 33.c6 Rc7 34.Rc3 Rxc6 35.Rbc1 Qb7 36.
Rxc6 Bxc6 37.Ne3 Bd8 38.Qc2 Bd7 39.Rb1 Qc6 40.Qxc6 Bxc6 41.Nd5 Bb5 42.Rb3 
Kh6 43.Be3 Rh7 44.a4 Bxa4 45.Rb8 Rd7 46.Bb6 Bxb6+ 47.Nxb6 Rc7 48.Nxa4 Rc1+
49.Kf2 Rc2+ 50.Kf3 Rxh2 51.Nc3 Rd2 52.Ke3 Rg2 53.Kf3 Kg7 54.Rb7+ Kg8 55.
Nd5 g4+ 56.Kxg4 h2 57.Nxf6+ Kf8 58.Rh7 a5 59.Kf3 Rd2 60.Ke3 Rg2 61.Kf3 Rd2
62.Ke3 Rg2 63.Kf3 Rd2 64.Kg4 a4 65.Kg5 Rxd3 66.g4 h1=Q 67.Rxh1 Ke7 68.Rh7+
Kd8 1-0

[Event "Deltalift Open"]
[Site "Tylosand"]
[Date "2016.05.05"]
[Round "2.5"]
[White "Stray, Gunnar"]
[Black "Jepson, Christian"]
[Result "0-1"]
[WhiteElo "2047"]
[BlackElo "2440"]

1.d4 Nf6 2.Nf3 g6 3.g3 Bg7 4.Bg2 O-O 5.O-O d5 6.a4 Nc6 7.c3 Bf5 8.Nbd2 Ne4
9.Nh4 Nxd2 10.Bxd2 Be6 11.b4 h6 12.Rc1 a6 13.f4 Qd7 14.Qc2 Bg4 15.Rce1 
Rad8 16.Bc1 Rfe8 17.e4 dxe4 18.Bxe4 Bh3 19.Ng2 Bf5 20.Bxf5 Qxf5 21.Qxf5 
gxf5 22.Ne3 e6 23.Bb2 Ne7 24.Rd1 Nc8 25.Rfe1 Nd6 26.Kf2 a5 27.b5 c6 28.
bxc6 bxc6 29.Kf3 Rb8 30.Re2 Rb3 31.Rc1 Reb8 32.Rcc2 Kf8 33.h3 h5 34.g4 
hxg4+ 35.hxg4 fxg4+ 36.Kxg4 f5+ 37.Kf3 Kf7 38.Rg2 Rh8 39.Rh2 Rxh2 40.Rxh2 
Ke8 41.Rc2 Kd7 42.Rg2 Bf6 43.Rc2 Bd8 44.Ke2 Bc7 45.Kf3 Bb6 46.Rg2 c5 47.d5
c4 48.dxe6+ Kxe6 49.Rg6+ Kd7 50.Rg2 Kc6 51.Rc2 Bc5 52.Rd2 Rb8 53.Bc1 Rh8 
54.Nd5 Ne4 55.Rd1 Rh3+ 56.Kg2 Rd3 57.Rxd3 cxd3 58.c4 d2 59.Bxd2 Nxd2 0-1

[Event "Deltalift Open"]
[Site "Tylosand"]
[Date "2016.05.05"]
[Round "2.6"]
[White "Johansson, Linus"]
[Black "Svorono, Gabriel"]
[Result "1-0"]
[WhiteElo "2427"]
[BlackElo "2038"]

1.c4 e5 2.g3 Nf6 3.Bg2 d5 4.cxd5 Nxd5 5.Nc3 Nb6 6.d3 Nc6 7.Be3 Be6 8.Rc1 
Be7 9.Bxc6+ bxc6 10.Nf3 f6 11.Ne4 Bd5 12.O-O O-O 13.Nc5 Nd7 14.b4 Nxc5 15.
Bxc5 Bxa2 16.Qa4 Bxc5 17.Qxa2+ 1-0